| 000 | 003730000a22001090004500 | ||
|---|---|---|---|
| 090 |
_aAs _bSeriadas |
||
| 245 | 1 | 0 | _aAumento del vigor en semillas de Pinus patula (Schlecht. & Cham.) por efecto del osmoacondicionamiento |
| 041 | 0 | _aEspañol | |
| 100 | 1 |
_aPiedrahita Cardona, Edgar _999844 |
|
| 942 | _cARTICULO | ||
| 773 | 1 |
_tCrónica Forestal y del Medio Ambiente _h13 _q5-24 _d1998 |
|
| 999 |
_c15586 _d15586 |
||